000 00365nam a22001697a 4500
005 20220520134023.0
020 _a9789391793111
041 _aEnglish
082 _aT13 R22 PAR
100 _aParthasarathy Na
245 _aVangima Nagaram
250 _a01
260 _aChennai
_bCholan Publications
_c2022
300 _a112
365 _b195.00
942 _cBK
999 _c168231
_d168231